Logo CIB grande

Principles Of Naval Architecture. Volume Two (Registro nro. 210347)

Detalles MARC
000 -LEADER
campo de control de longitud fija 00721nam a2200229Ia 4500
005 - FECHA Y HORA DE LA ÚLTIMA TRANSACCIÓN
campo de control 20250425161507.0
008 - DATOS DE LONGITUD FIJA--INFORMACIÓN GENERAL
campo de control de longitud fija 250425s9999 xx 000 0 und d
041 ## - CÓDIGO DE IDIOMA
Código de lengua del texto/banda sonora o título independiente eng
082 ## - NÚMERO DE LA CLASIFICACIÓN DECIMAL DEWEY
Número de clasificación 623.81
Iniciales del Autor ROS
010 ## - NÚMERO DE CONTROL DE LA BIBLIOTECA DEL CONGRESO
Número de control de LC 21522
100 ## - ENTRADA PRINCIPAL--NOMBRE DE PERSONA
Nombre de persona Rossell, Henry E.
245 #0 - MENCIÓN DEL TÍTULO
Título Principles Of Naval Architecture. Volume Two
Mención de responsabilidad, etc. Henry E. Rossell; Lawrence B. Chapman
250 ## - MENCION DE EDICION
Mención de edición 11Th. Edition
Resto de la mención de edición Reimpreso
260 ## - PUBLICACIÓN, DISTRIBUCIÓN, ETC.
Lugar de publicación, distribución, etc. New York
Nombre del editor, distribuidor, etc. THE SOCIETY OF NAVAL ARCHITECTS AND MARINE ENGINEERS
Fecha de publicación, distribución, etc. 1958
300 ## - DESCRIPCIÓN FÍSICA
Extensión 242 p.
Dimensiones 27.5 cm.
500 ## - NOTA GENERAL
Nota general Tabla de contenido, índice
650 ## - PUNTO DE ACCESO ADICIONAL DE MATERIA--TÉRMINO DE MATERIA
Término de materia o nombre geográfico como elemento de entrada Arquitectura Naval
650 ## - PUNTO DE ACCESO ADICIONAL DE MATERIA--TÉRMINO DE MATERIA
Término de materia o nombre geográfico como elemento de entrada Propulsión y Hélices
650 ## - PUNTO DE ACCESO ADICIONAL DE MATERIA--TÉRMINO DE MATERIA
Término de materia o nombre geográfico como elemento de entrada Resistencia y Poder
700 ## - ENTRADA AGREGADA--NOMBRE PERSONAL
Nombre de persona Chapman, Lawrence B.
Término indicativo de función/relación Coautor
942 ## - ELEMENTOS DE ENTRADA SECUNDARIOS (KOHA)
Tipo de ítem Koha Libros
Existencias
Estatus retirado Estado de pérdida Estado de daño No para préstamo Biblioteca de origen Biblioteca actual Fecha de adquisición Coste, precio normal de compra Etiqueta RFID Total de préstamos Código de barras Copia número Tipo de ítem Koha
        CENTRO DE INFORMACIÓN BIBLIOTECARIA CENTRO DE INFORMACIÓN BIBLIOTECARIA 03/09/2004 55.00 0000000000000000037647   46039 2 Libros

Copyright 2025 ESPOL. Todos los derechos reservados.